000 00984nam a22003377a 4500
001 BR2014000193
003 BR-BrBNA
005 20230928104346.0
007 ta
008 230509b bl.||||| |||| 00| 0 por d
040 _aBR-BrBNA
_bpor
_cBiblioteca Nacional de Agricultura
041 _a(Por)
072 _aF03; H20
_b0331
_b3575
_b4120
090 _ 0331 BR2014000193
100 1 _aSilva, U.A. da
110 1 _aUniversidade Federal de Lavras, MG (Brasil)
_0Tese (Mestrado)
245 1 _aEfeitos e transmissão de Amphobotrys ricini em sementes de mamona
260 3 _aLavras, MG (Brasil):
_c2013.
300 _a65 p.
500 _aSummaries (Eng, Por); Bibliography p. 55-60; 9 illus.
650 _aMAMONA
650 _aSEMENTE
650 _aINOCULAÇÃO
650 _aGERMINAÇÃO
650 _aFUNGO
650 _aMOFO CINZENTO
650 _aTRANSMISSÃO DE DOENÇA
650 _aFISIOLOGIA VEGETAL
909 _a202309
_bLucia
_c55
_dLucia Elande
942 _cBK
999 _c79477
_d79477